Geography Quiz

Random Geography or State Quiz
Score 0/10 Timer 02:00
3 Plays Today
% Correct
Alaska
96.5%
California
96.1%
Texas
94.5%
Montana
85.5%
New Mexico
74%
Arizona
71%
Nevada
63.4%
Colorado
61.9%
Wyoming
59.6%
Oregon
34.9%
Remove Ads.
Support Sporcle.
Get the best of Sporcle when you Go Orange. This ad-free experience offers more features, more stats, and more fun while also helping to support Sporcle. Thank you for becoming a member.

You're not logged in!

Compare scores with friends on all Sporcle quizzes.
OR
Log In

Show Comments

Extras

Top Quizzes Today


Score Distribution

Your Account Isn't Verified!

In order to create a playlist on Sporcle, you need to verify the email address you used during registration. Go to your Sporcle Settings to finish the process.

Report this User

Report this user for behavior that violates our Community Guidelines.

Details: